000 00302nam a22001337a 4500
008 170516b xxu||||| |||| 00| 0 eng d
020 _a9780395904336
041 _aeng
080 _26TH
_a94
100 _a16
101 _aSHH
245 _aA HISTORY OF WESTERN SOCIETY
_cMCKAY, J.P
942 _2udc
_cBK
999 _c13448
_d13448